Флаги мира - Statistics

General Stats
  • This quiz has been taken 38 times
  • The average score is 105 of 196
Answer Stats
Picture Answer % Correct
украина
100%
казахстан
97%
канада
97%
узбекистан
88%
кипр
88%
китай
88%
египет
85%
катар
82%
норвегия
82%
грузия
82%
нидерланды
79%
германия
79%
греция
79%
уругвай
76%
непал
76%
франция
76%
великобритания
76%
косово
74%
нигерия
74%
аргентина
74%
Соединённые Штаты Америки
74%
индия
74%
куба
71%
колумбия
71%
швеция
71%
швейцария
71%
финляндия
71%
польша
71%
япония
71%
ирландия
71%
италия
71%
израиль
71%
камбоджа
68%
кыргызстан
68%
новая зеландия
68%
ватикан
68%
албания
68%
россия
68%
чехия
68%
словакия
68%
словения
68%
сербия
68%
турция
68%
бразилия
68%
южная корея
68%
уганда
65%
хорватия
65%
азербайджан
65%
армения
65%
австралия
65%
португалия
65%
ямайка
65%
саудовская аравия
65%
мексика
65%
индонезия
65%
беларусь
65%
бельгия
65%
кения
62%
шри ланка
62%
венесуэла
62%
дания
62%
северная македония
62%
северная корея
62%
монголия
62%
испания
62%
йемен
59%
кот д ивуар
59%
вьетнам
59%
австрия
59%
люксембург
59%
исландия
59%
ирак
59%
тунис
59%
бангладеш
59%
болгария
59%
камерун
56%
кирибати
56%
пакистан
56%
панама
56%
румыния
56%
ливан
56%
сингапур
56%
мальта
56%
марокко
56%
иран
56%
таджикистан
56%
туркменистан
56%
Южно-Африканская Республика
56%
кувейт
53%
коста рика
53%
нигер
53%
никарагуа
53%
венгрия
53%
Объединённые арабские эмираты
53%
литва
53%
латвия
53%
эстония
53%
сирия
53%
малайзия
53%
босния и герцеговина
53%
бутан
53%
Центрально Африканская Республика
50%
гвинея
50%
гондурас
50%
ангола
50%
перу
50%
лаос
50%
черногория
50%
молдова
50%
монако
50%
таиланд
50%
кабо верде
47%
коморы
47%
намибия
47%
габон
47%
гана
47%
афганистан
47%
лихтенштейн
47%
либерия
47%
эквадор
47%
чили
47%
мальдивы
47%
тайвань
47%
бахрейн
47%
науру
44%
гамбия
44%
филиппины
44%
андорра
44%
парагвай
44%
папуа новая гвинея
44%
эфиопия
44%
чад
44%
сан марино
44%
сенегал
44%
сейшельские острова
44%
мадагаскар
44%
иордания
44%
гаити
41%
гватемала
41%
замбия
41%
алжир
41%
палау
41%
Демократическая республика конго
41%
сомали
41%
самоа
41%
мьянма
41%
бруней
41%
ботсвана
41%
доминиканская республика
41%
гвинея бисау
38%
гренада
38%
восточный тимор
38%
руанда
38%
ливия
38%
джибути
38%
эсватини
38%
эритрея
38%
мали
38%
мозамбик
38%
тувалу
38%
сальвадор
38%
гайана
35%
зимбабве
35%
вануату
35%
оман
35%
экваториальная гвинея
35%
судан
35%
сьерра леоне
35%
Сент-Люсия
35%
суринам
35%
мавритания
35%
малави
35%
маршалловы острова
35%
тонга
35%
боливия
35%
бурунди
35%
белиз
35%
барбадос
35%
антигуа и барбуда
32%
республика конго
32%
Сент-Винсент и Гренадины
32%
соломоновы острова
32%
маврикий
32%
танзания
32%
тринидад и тобаго
32%
буркина фасо
32%
южный судан
32%
лесото
32%
фиджи
32%
Сан-Томе и Принсипи
29%
того
29%
багамские островаа
29%
бенин
29%
доминика
29%
Сент-Китс и Невис Сент-Люсия
26%
федеративные штаты микронезии
21%
No matching quizzes found
Score Distribution
Percent of People with Each Score
Percentile by Number Answered
Your Score History
You have not taken this quiz